| 000 | 00530nam a22001937a 4500 | ||
|---|---|---|---|
| 005 | 20230623083621.0 | ||
| 008 | 160120b xxu||||| |||| 00| 0 eng d | ||
| 040 | _aLoreto College | ||
| 041 | _aEnglish | ||
| 082 |
_a301.15 _bYOU |
||
| 100 |
_aYoung, Kimball _qKimball Young |
||
| 245 |
_aHand book of social psychology _cKimball Young |
||
| 260 |
_aLondon _bRoutledge & kegan paul _c1946 |
||
| 300 | _aVarious type of page | ||
| 504 | _aInclude index | ||
| 650 | _aSociology & anthropology | ||
| 850 | _aLCLIB | ||
| 942 | _cBK | ||
| 999 |
_c40403 _d90882 |
||